Genealogia ziemianstwa ziemi dobrzynskiej XIX i XX wieku
| Titel: | Genealogia ziemianstwa ziemi dobrzynskiej XIX i XX wieku / P. Galkowski ; P. Myslakowski |
|---|---|
| Verfasser: | |
| Beteiligt: | |
| In: |
Przegla̜d historyczny, Heft 2 (1998), Seite 314-319 alle Artikel anzeigen |
| Veröffentlicht: | 1998 |
| Format: | Aufsatz |
| Sprache: | Polnisch |
X
alg: 54247338 001A $06052:27-02-26 001B $06052:27-02-26 $t23:18:23.000 001D $06052:27-02-26 001U $0utf8 001X $00 002@ $0Aox 003@ $0542473380 006N $002286742 007A $0542473380 $aHEB 007D $asw980112 010@ $apol 011@ $a1998 021A $a@Genealogia ziemianstwa ziemi dobrzynskiej XIX i XX wieku $hP. Galkowski ; P. Myslakowski 028A $aGalkowski $dP. 028B/01 $aMyslakowski $dP. 031A $e2 $g6 $h314-319 $j1998 039B $aIn $8--Abvc--. Przegla̜d historyczny. - Warszawa : Wydawnictwo DiG, 1905-. - ISSN 0033-2186 $x199800000000002686 $9047456078 044K $#Land Dobrzyn $#Dobriner Land $#Ziemia Dobrzyńska $74073968-5 $8Land Dobrzyń [Tg1] $9085208183 045T $a7,41 lok: 54247338 78 exp: 54247338 78 1 #EPN 201B/01 $027-02-26 $t23:18:22.000 201C/01 $027-02-26 201U/01 $0utf8 203@/01 $01335736697 208@/01 $a27-02-26 $be 209A/01 $a/ $f000 $x00 209A/01 $ab*p $x01 220C/01 $apgar 244Z/01 $#Generalgouvernement Polen $#Polska $#Rzeczpospolita Polska $#Polska Rzeczpospolita Ludowa $#Poland $#Pologne $#République Polonaise $#Generalne Gubernatorstwo w Polsce $#Polish People's Republic $#Polska Rzeczpospolita Polen $#PRL $#RP $#Polen Generalgouvernement $#Polska Generalgouvernement $#Besetzte Polnische Gebiete $#Besetztes Gebiet in Polen $#Okupowane Polskie Obszary $#Obszary Okupowane w Polsce $#Volksrepublik Polen $#Polska Rosyjska $#Republic Polen $#Respublika Pol'ša $#Pol'skaja Narodnaja Respublika $#République de Pologne $#Polen Links der Weichsel $#Polska po Lewej Stronie Wisły $#Lenkija $#Polija $#Gubernija Carstva Pol'skago $#Republik Polen $74046496-9 $8--Tg1--Polen $x01 $9085129801 247C/01 $82080>Marburg/Lahn, Herder-Institut, Forschungsbibliothek, Bibliographieportal $9336309341
| LEADER | 00000naa a22000002c 4500 | ||
|---|---|---|---|
| 001 | 542473380 | ||
| 003 | DE-603 | ||
| 005 | 20260227231823.0 | ||
| 007 | tu | ||
| 008 | 260227s1998 xx |||| | u00||u|pol c | ||
| 035 | |a (DE-599)HEB542473380 | ||
| 035 | |a (NL-LiSWE)02286742 | ||
| 040 | |a DE-603 |b ger |c DE-603 |d DE-603 | ||
| 041 | |a pol | ||
| 084 | |a 7,41 |2 ssgn | ||
| 100 | 1 | |a Galkowski, P. | |
| 245 | 0 | 0 | |a Genealogia ziemianstwa ziemi dobrzynskiej XIX i XX wieku |c P. Galkowski ; P. Myslakowski |
| 264 | 0 | |c 1998 | |
| 651 | 7 | |a Land Dobrzyń |0 (DE-588)4073968-5 |0 (DE-603)085208183 |2 gnd | |
| 700 | 1 | |a Myslakowski, P. | |
| 773 | 0 | 8 | |i In |t Przegla̜d historyczny |d Warszawa : Wydawnictwo DiG, 1905- |x 0033-2186 |g Heft 2 (1998), Seite 314-319 |w (DE-603)047456078 |w (DE-600)281539-4 |
| 924 | 0 | |9 2080 |a (DE-603)1335736697 |b DE-2080 |c HES |d d |g / | |


